000 00432nam a22001817a 4500
003 OSt
008 230327b |||||||| |||| 00| 0 eng d
020 _a9789332584686
082 _a658 WHD
100 _aWHETTEN,David A
245 _aDeveloping Management Skills
250 _a8th Ed
260 _aUP
_bPearson
_c2017
300 _a712
650 _aDeveloping Management Skills
700 _aCAMERON,Kim S
942 _2ddc
_cREF
999 _c11906
_d11906